000 00229nam a2200073Ia 4500
008 170817s9999 xx 000 0 und d
100 _aOBULESU M.C.
245 0 _aTOTAL LITRARY C---------------------------------------------/////////////
260 _bDISCOVERY PUB.
999 _c37792
_d37792